Statistics for Charlotte Hornets 40 Point Games

Click here to take the quiz!

General Stats

  • This quiz has been taken 164 times
    (3 since last reset)
  • The average score is 5 of 15

Answer Stats

PlayerMaxNb% Correct
Kemba Walker6016
100%
Miles Bridges452
100%
Larry Johnson441
67%
P.J. Washington433
67%
Al Jefferson401
33%
Gerald Wallace424
33%
Glen Rice4810
33%
Gordon Hayward442
33%
Jason Richardson421
33%
Terry Rozier434
33%
Devonte' Graham401
0%
Hersey Hawkins411
0%
Johnny Newman412
0%
Kelly Tripucka403
0%
Stephen Jackson431
0%

Score Distribution

Percentile by Number Answered

Percent of People with Each Score

Your Score History

You have not taken this quiz since the last reset